00948cam a22002411 4500001001300000003000400013005001700017008004100034010001700075035001900092040007000111043001200181050002700193110004500220245013100265260002400396300003400420490005900454500006400513650003300577740007900610999001700689hew67000103 DLC20260227111516.0810304s1967 dcuac f000 0 eng c ahew67000103  a(OCoLC)7188613 aU.S. Dept. of Health, Education, and Welfare. LibrarycKyLoUdDLC an-us---00aHQ1064.U5bA34 no. 1361 aUnited States.bAdministration on Aging.10aMeeting the challenge of the later years;bguide to community action for Senior Citizens Month, 1967, and year-round activity. a[Washington,c1967] a32 p.billus., ports.c24 cm.0 aU.S. President's Council on Aging. PCA publication 136 aPublished in cooperation with President's Council on Aging. 0aOlder peoplezUnited States.0 aCommunity action for Senior Citizens Month, 1967, and year-round activity. c34706d34706